01896nam a22002057a 4500999001700000020001800017082001700035100001600052245005400068260003200122300001500154440001100169520125000180650002801430650001901458650001301477700002401490942001201514952016401526 c38912d38912 a9788173047084 a307.72bTRI- aSingh, K.S. aTribal Movements in India:cEdited By: K.S. Singh aNew Delhi:bManohar,c2006. axvi, 414p. aVOI-II aThe Anthropological Survey of India (ASI) conducted a survey of ongoing tribal movements in different parts of the country in 1976 and organised a Seminar in September that year to evaluate its findings. Among those who presented papers were anthropologists and other scholars including historians, sociologists, political scientists and administrators. Besides there were tribal scholars who provided the insiders' views and also social workers. All these papers were divided into two volumes: The first volume contains twenty-four papers on the north-east and the second volume has twenty-five papers on movements elsewhere in the country. Tribal movements in the north-east are entirely different from those elsewhere in the country and stand in a category by themselves because of the unique geopolitical situation of the region and its historical background. The movements covered in this book include the Naga movement, the Zeliangrong movement, the ethnic and script movements of Manipur, the Paite identity movement and the Mizo movement. This composite collection is an important contribution to tribal studies in India which will be found useful by sociologists, political scientists, researchers, administrators and interested laymen. aSociologistsvPolitical aAdministrators aMovement aSingh, K.SeEditor. 2ddccBK 00104070aNASSDOCbNASSDOCd2024-03-21eRajasthani Granthagarg451.25hVol-IIi2024-03-18l0o307.72 TRI-p54118r2024-04-22 00:00:00v625.00w2024-03-18yBK